The Grange, Bermondsey... (Record no. 116641)
[ view plain ]
| 000 -LEADER | |
|---|---|
| fixed length control field | 00954cam a22002055a 4500 |
| 001 - CONTROL NUMBER | |
| control field | L141170 |
| 008 - FIXED-LENGTH DATA ELEMENTS--GENERAL INFORMATION | |
| fixed length control field | 071031s1874 xxk eng u |
| 035 ## - SYSTEM CONTROL NUMBER | |
| System control number | (Sirsi) u141170 |
| 041 0# - LANGUAGE CODE | |
| Language code of text/sound track or separate title | eng |
| 100 1# - MAIN ENTRY--PERSONAL NAME | |
| Personal name | Laurence, Frederick T. |
| 245 04 - TITLE STATEMENT | |
| Title | The Grange, Bermondsey... |
| Remainder of title | particulars and conditions of sale of the valuable lease (with possession) of the tan-yard...135 tan and lime pits...8 roomed dwelling house...plant, machinery and tanning utensils...stock-in-trade of leather...will be offered for sale by auction by Mr Fredk. T. Laurence upon the premises as above on Wednesday November 4th 1874... |
| 260 ## - PUBLICATION, DISTRIBUTION, ETC. | |
| Place of publication, distribution, etc. | S.l. |
| Name of publisher, distributor, etc. | s.n. |
| Date of publication, distribution, etc. | [1874] |
| 300 ## - PHYSICAL DESCRIPTION | |
| Extent | 9 p. |
| Dimensions | 41 cm., folded to 27 x 11 cm. |
| 340 ## - PHYSICAL MEDIUM | |
| Material base and configuration | Printed |
| 351 ## - ORGANIZATION AND ARRANGEMENT OF MATERIALS | |
| Hierarchical level | Single item |
| 500 ## - GENERAL NOTE | |
| General note | Item has been posted to Mess. Glasier & Sons at 41 Charing Cross. |
| 651 4# - SUBJECT ADDED ENTRY--GEOGRAPHIC NAME | |
| Geographic name | London |
| 690 ## - LOCAL SUBJECT ADDED ENTRY--TOPICAL TERM (OCLC, RLIN) | |
| Topical term or geographic name as entry element | PROPERTY-PROPERTY ACQUISITION AND DISPOSAL-ACQUISITION AND DISPOSAL AT AUCTION |
| 942 ## - ADDED ENTRY ELEMENTS (KOHA) | |
| Suppress in OPAC | 0 |
| Withdrawn status | Lost status | Source of classification or shelving scheme | Damaged status | Not for loan | Home library | Current library | Shelving location | Date acquired | Total Checkouts | Full call number | Barcode | Date last seen | Copy number | Price effective from | Koha item type |
|---|---|---|---|---|---|---|---|---|---|---|---|---|---|---|---|
| Dewey Decimal Classification | London | London | Basement | 31/10/2007 | BASEMENT BOX 5 | 141170-1001 | 06/08/2019 | 1 | 06/08/2019 | Archive |